00477nam a2200157Ia 4500020001800000082001800018245008700036260003000123300001600153440004100169650002200210650002400232650002300256700001600279700002400295 a9788132236146 a307.20954 SUB 0aSubaltern urbanisation in India: an introduction to the dynamics of ordinary towns aNew DelhibSpringerc2017 axxxvi, 614p aExploring urban change in South Asia aUrban development aUrbanizationzIndia aSocial development aDenis, Eric aZerah, Marie-Helene